[Event "Asian-ch Amateur 4th"]
[Site "Amman"]
[Date "2014.01.25"]
[Round "2.7"]
[White "Alhajaj, Akram"]
[Black "Yasmeen, Abu Ghania"]
[Result "1-0"]
[WhiteElo "1913"]
[BlackElo "1540"]
[PlyCount "52"]
[EventDate "2014.01.25"]
[EventType "swiss"]
[EventRounds "9"]
[EventCountry "JOR"]
[SourceTitle "EXT 2024"]
[Source "ChessBase"]
[SourceDate "2023.10.10"]
[SourceVersion "1"]
[SourceVersionDate "2023.10.10"]
[SourceQuality "1"]

1. Nf3 d5 2. g3 g6 3. Bg2 Bg7 4. 0-0 Nf6 5. c4 c6 6. cxd5 cxd5 7. Nc3 Nc6 8. d4 0-0 9. h3 Qc7 10. Be3 e5 11. dxe5 Nxe5 12. Nxe5 Qxe5 13. Bf4 Qf5 14. Nb5 g5 15. Bd6 Rd8 16. Be7 Rd7 17. Ba3 a6 18. Nd4 Qg6 19. Rc1 Ne4 20. e3 Be5 21. g4 Rc7 22. Rxc7 Bxc7 23. Qa4 Be6 24. Rc1 Rc8 25. Rxc7 Rd8 26. Rxb7 Qf6 1-0